000 00452nam a22001577a 4500
003 OSt
008 260428b |||||||| |||| 00| 0 eng d
082 _a634.6
_bB30E
100 _aBarun
245 _aEffect of Naa, Zinc Sulphate and Urea on Yield and Quality of Litchi (Litchi Chinensis Sonn.) CV. Purbi
260 _aPusa, Samastipur
_bRAU
_c2001
300 _a74P.
502 _bMsc.
_d2001
650 _aFruit and Fruit Technology
942 _2ddc
_cT
999 _c50227
_d50227